Statistics for Oklahoma Sooners Starting Quarterbacks since 2000

Click here to take the quiz!

General Stats

  • This quiz has been taken 222 times
    (60 since last reset)
  • The average score is 10 of 17

Answer Stats

Answer% Correct
2015-2017Baker Mayfield
98%
2021Caleb Williams
88%
2019Jalen Hurts
88%
2017-2018Kyler Murray
88%
2007-2009Sam Bradford
84%
2020-2021Spencer Rattler
84%
2001-2004Jason White
79%
2022Dillon Gabriel
77%
2009-2012Landry Jones
53%
2000Josh Heupel
51%
2013Blake Bell
42%
2013-2014Trevor Knight
40%
2022Davis Beville
37%
2005-2006Paul Thompson
33%
2001-2002Nate Hybl
30%
2014Cody Thomas
23%
2005Rhett Bomar
14%

Score Distribution

Percentile by Number Answered

Percent of People with Each Score

Your Score History

You have not taken this quiz since the last reset